| 000 | 00549nam a2200169 a 4500 | ||
|---|---|---|---|
| 001 | 000043994 | ||
| 005 | 20201002045100.0 | ||
| 008 | 140512s1990 dr a 000 0 spa d | ||
| 040 |
_aDO-SdBNP _bspa _cBNPHU |
||
| 082 |
_axxxx _bS232L, 1990 |
||
| 100 | 1 |
_aSantana, Julián Elías _971954 |
|
| 245 | 1 | 0 |
_aLógica y geometría moderna / _cJulián Elías Santana, Roberto Herrera Acevedo. |
| 250 | _a6ta ed. revisada | ||
| 260 |
_aSanto Domingo : _bTeófilo, _c1990. |
||
| 300 |
_axi, 303 p. : _bil. ; _c21 cm. |
||
| 700 | 1 | 2 |
_aHerrera Acevedo, Roberto _971955 |
| 999 |
_c43483 _d43483 |
||